DICTIONARY OF TECHNICAL TERMS (Record no. 583469)

000 -LEADER
fixed length control field 00263nam a22001217a 4500
082 ## - DEWEY DECIMAL CLASSIFICATION NUMBER
Classification number 603 CRI'D
100 ## - MAIN ENTRY--PERSONAL NAME
Personal name CRISPIN, F.S
9 (RLIN) 78327
245 ## - TITLE STATEMENT
Title DICTIONARY OF TECHNICAL TERMS
250 ## - EDITION STATEMENT
Edition statement 11TH
260 ## - PUBLICATION, DISTRIBUTION, ETC.
Place of publication, distribution, etc. NEWYORK
Name of publisher, distributor, etc. BRUCE
Date of publication, distribution, etc. 1970
300 ## - PHYSICAL DESCRIPTION
Extent 455P
942 ## - ADDED ENTRY ELEMENTS (KOHA)
Koha item type Book
Holdings
Withdrawn status Lost status Damaged status Not for loan Permanent Location Current Location Shelving location Date acquired Total Checkouts Full call number Barcode Date last seen Price effective from Koha item type
        College of Electrical & Mechanical Engineering (CEME) College of Electrical & Mechanical Engineering (CEME) Reference 06/15/2017   603 CRI'D CEME-8309 06/28/2021 06/28/2021 Book
© 2023 Central Library, National University of Sciences and Technology. All Rights Reserved.